Champions de France de basket-ball masculin - Statistiques

Statistiques générales
  • Ce quiz a été pris 144 fois
    113 depuis la dernière actualisation
  • Le résultat moyen est 70 sur 102
Statistiques - réponses
Hint Réponse % Correct
1939 | 1942 US Métro
100%
1945 Championnet Sports
99%
2025 Paris Basketball
99%
1947 | 1963 Paris UC
99%
1997 PSG Racing Basket
99%
1951 | 1953 | 1954 Racing CF
99%
1936 | 1938 SCPO Paris
99%
1921 | 1927 Stade Français
99%
2023 | 2024 AS Monaco
96%
1949 | 1950 | 1952 | +18 others ASVEL
95%
1983 | 1984 | 1985 | +8 others Limoges CSP
90%
2005 Strasbourg IG
84%
1978 | 1979 | 1982 | +2 others Le Mans SB
79%
1986 | 1987 | 1992 | +6 others EB Pau-Orthez
78%
2012 | 2017 Elan Chalon
75%
2013 JSF Nanterre
73%
2008 | 2011 SLUC Nancy
69%
2010 Cholet Basket
64%
1959 | 2007 Chorale de Roanne
56%
1946 ESSMG Lyon
48%
1970 | 1991 | 1995 Sharks d'Antibes
44%
1922 ICAM Lille
43%
1934 Olympique Lillois
43%
1948 UA Marseille
36%
1932 | 1933 CAUFA Reims
26%
1976 | 1980 ASPO Tours
21%
1935 | 1937 CA Mulhouse
21%
1924 | 1925 | 1926 | +4 others FA Mulhouse
21%
1965 AS Denain-Voltaire
11%
1958 | 1960 Etoile Charleville-Mézières
11%
1943 | 1944 FC Grenoble
10%
1973 | 1974 AS Berck
9%
1961 | 1962 | 1967 Alsace de Bagnolet
7%
1923 EN Arras
2%
Aucun quiz correspondant
Distribution des résultats
% des personnes avec chaque résultat
Percentile par nombre de réponses
Votre historique - résultats
Vous n’avez pas pris ce quiz depuis la dernière actualisation